Normal view
MARC view
- Bolaño, Roberto,
Entry Personal Name
001 - CONTROL NUMBER
- control field: 11768
003 - CONTROL NUMBER IDENTIFIER
- control field: NUST
005 - DATE AND TIME OF LATEST TRANSACTION
- control field: 20180718053410.0
008 - FIXED-LENGTH DATA ELEMENTS
- fixed length control field: 180718|| aca||aabn | a|a d
040 ## - CATALOGING SOURCE
- Original cataloging agency: NUST
- Transcribing agency: NUST
100 ## - HEADING--PERSONAL NAME
- Personal name: Bolaño, Roberto,
- Dates associated with a name: 1953-2003.
670 ## - SOURCE DATA FOUND
- Source citation: Work cat.: (NUST)173225: Bolaño, Roberto, 1953-2003., The savage detectives /, 2007.
